LEADER 01342nam a2200277 a 4500 001 000000136820 003 CaOOAMICUS 005 20131216140626.0 008 131216s1981 it u000 u ita r 040 $aPUL$bita 100 1 $aBaget Bozzo, Gianni,$d1925-$0(OLS)http://pul/name/8691 245 10$aOrtodossia e liberazione :$bun'interpretazione di papa Wojtyla /$cGianni Baget Bozzo. 260 $aMilano :$bRizzoli,$c©1981. 300 $a217 p. ;$c21 cm 490 1 $aSaggi 600 04$aIohannes Paulus PP.$bII,$cs.,$d1920-2005$xPensiero politico e sociale.$0(OLS)http://pul/subject/8318 830 0$aSaggi Rizzoli.$0(OLS)http://pul/title/73353 850 $aPUL 852 $aPUL$W1$xDP1 Fondo Dalla Palma$y117$m1 D 10$j1243$qFondi$B194312$CPULBib$Z2$F194312 $HDal2346 $81 852 $aPUL$W1$xDP1 Fondo E. Rossi$y115$m3 A 34$j115027$qFondi$B157090$CPULBib$Z2$F157090 $82 852 $aPUL$W1$xDP1 Fondo G. Barberini$y122$m3 H 19$j167209$b2 copia$qFondi$B180143$CPULBib$Z2$F180143 $HBar1750 $82 941 1 $a1 961 $aSul dorso collocazione ms. di E. Rossi: CP 18 4 996 $6245$aOrtodossia e liberazione :$bun'interpretazione di papa Wojtyla$9(OLS)http://pul/title/173230 996 $6260$aMilano :$bRizzoli$9(OLS)http://pul/publisher/48712 LEADER 01550nam a2200337 a 4500 001 000000159747 003 CaOOAMICUS 005 20170329135417.0 008 170329s2017 it u000 u ita r 020 $a978-88-598-1477-1* 032 $aLibriCat 040 $aPUL$bita 082 04$a344.4501 245 00$aDiritto e processo del lavoro e della previdenza sociale :$bprivato e pubblico /$ca cura di Giuseppe Santoro Passarelli. 250 $aVII Edizione. 260 $aTorino :$bUTET Giuridica ;$aMilanofiori Assago :$bWolters Kluwer,$c©2017. 300 $aLXIX, 3446 p. ; $c25 cm. 490 1 $aOmnia. Trattati giuridici 504 $aBibliografia in nota a piè pagina. 650 4$aDiritto del lavoro$zItalia.$0(OLS)http://pul/subject/2593 700 1 $aSantoro-Passarelli, Giuseppe.$0(OLS)http://pul/name/66503 830 0$aOmnia. Trattati giuridici.$0(OLS)http://pul/title/175093 850 $aPUL 852 $aPUL$W1$xSL Diritto e Scienze Sociali 3$y79$m344. 4501 SANGI 2$j183315$qDDC 21$B186521$CPULBib$Z2$F186521 $H129203 $81 941 1 $a9 996 $6020$a978-88-598-1477-1*$9(OLS)http://pul/number/162281 996 $6082$a344.4501$9(OLS)http://pul/classification/1851 996 $6245$aDiritto e processo del lavoro e della previdenza sociale :$bprivato e pubblico$9(OLS)http://pul/title/175092 996 $6260$aTorino :$bUTET Giuridica$9(OLS)http://pul/publisher/79191 996 $6260$aMilanofiori Assago :$bWolters Kluwer$9(OLS)http://pul/publisher/81463